Nghiên cứu thành phần loài cá bống (Gobiidae và Eleotridae) và sinh học quần thể của cá bống cát Glossogobius aureus phân bố ở ven biển Sóc Trăng - Bạc Liêu : Luận văn tốt nghiệp Cao học. Chuyên ngành Sinh thái học
Xác định thành phần loài cá bống họ Gobiidae và Eleotridae, đặc điểm sinh học quần thể, mối tương quan giữa chiều dài và trọng lượng cá, xác định một số đặc điểm môi trường sống ảnh hưởng đến biến động quần thể của cá bống cát....
Shranjeno v:
| Glavni avtor: | |
|---|---|
| Format: | Knjiga |
| Jezik: | Undetermined |
| Izdano: |
Cần Thơ
Trường Đại học Cần Thơ
2017
|
| Teme: | |
| Oznake: |
Označite
Brez oznak, prvi označite!
|
| Thư viện lưu trữ: | Trung tâm Học liệu Trường Đại học Cần Thơ |
|---|
| LEADER | 01294nam a2200205Ia 4500 | ||
|---|---|---|---|
| 001 | CTU_224831 | ||
| 008 | 210402s9999 xx 000 0 und d | ||
| 082 | |a 597.482 | ||
| 082 | |b Ng550 | ||
| 100 | |a Trần, Quốc Ngữ | ||
| 245 | 0 | |a Nghiên cứu thành phần loài cá bống (Gobiidae và Eleotridae) và sinh học quần thể của cá bống cát Glossogobius aureus phân bố ở ven biển Sóc Trăng - Bạc Liêu : | |
| 245 | 0 | |b Luận văn tốt nghiệp Cao học. Chuyên ngành Sinh thái học | |
| 245 | 0 | |c Trần Quốc Ngữ ; Trần Đắc Định, Đinh Minh Quang (Cán bộ hướng dẫn) | |
| 260 | |a Cần Thơ | ||
| 260 | |b Trường Đại học Cần Thơ | ||
| 260 | |c 2017 | ||
| 520 | |a Xác định thành phần loài cá bống họ Gobiidae và Eleotridae, đặc điểm sinh học quần thể, mối tương quan giữa chiều dài và trọng lượng cá, xác định một số đặc điểm môi trường sống ảnh hưởng đến biến động quần thể của cá bống cát. | ||
| 650 | |a Gobiidae,Họ Gobiidae | ||
| 904 | |i Hải | ||
| 980 | |a Trung tâm Học liệu Trường Đại học Cần Thơ | ||